The five dysfunctions of a team : a leadership fable (Record no. 301144)

MARC details
000 -LEADER
fixed length control field 00389nam a22001457a 4500
005 - DATE AND TIME OF LATEST TRANSACTION
control field 20251111162216.0
008 - FIXED-LENGTH DATA ELEMENTS--GENERAL INFORMATION
fixed length control field 251111b |||||||| |||| 00| 0 eng d
020 ## - INTERNATIONAL STANDARD BOOK NUMBER
International Standard Book Number 9780787960759
082 ## - DEWEY DECIMAL CLASSIFICATION NUMBER
Classification number 658.4022 LEN;
100 ## - MAIN ENTRY--PERSONAL NAME
Personal name Lencioni, Patrick.
245 ## - TITLE STATEMENT
Title The five dysfunctions of a team : a leadership fable
260 ## - PUBLICATION, DISTRIBUTION, ETC. (IMPRINT)
Place of publication, distribution, etc. New Jersey
Name of publisher, distributor, etc. Wiley
Date of publication, distribution, etc. 2002
300 ## - PHYSICAL DESCRIPTION
Extent xiii, 228
942 ## - ADDED ENTRY ELEMENTS (KOHA)
Koha item type Arch Books
Holdings
Date last seen Total Checkouts Full call number Accession number Copy number Cost, replacement price Price effective from Category Lost status Source of classification or shelving scheme Damaged status Department Withdrawn status bill no. bill date Permanent Location Current Location Shelving location Entry date Vendor Cost, normal purchase price Grants Currency symbol Conversion rate Discount Discount type
11/11/2025   658.4022 LEN;1 R AR1742 1 1670.08 11/11/2025 Arch Books   Dewey Decimal Classification   Central Library   KLBH/IN/891/2025-26 26/10/2025 Central Library Central Library Central Library 11/11/2025 KL Book House 2403.00 Master Design 1 30.50 %

© For any Suggestions or Query, please contact the library staff @ librarian@pes.edu or Phone: +9180 2672 1983/ 2108.